000
00273nam a2200121 a 4500
008
090929s1978|||| d
100
1
_a
Andruška, P.
245
1
0
_a
Nepoviem nikomu
260
_b
Mladé letá
_a
Bratislava
_c
1978
041
_a
slo
044
_a
xo
_c
SK
020
_c
17
999
_c
20
_d
20